000 00729nam a2200241Ia 4500
005 20260430150327.0
008 008 250103s9999 xx 000 0 eng d
037 _aTheses
040 _aCRL
040 _beng
040 _ceng
041 _2eng
041 _aeng
084 _qCRL
100 _aSharma Aishwarye Au.; Sharma Arun K. Gu.; Khurana Paramjit Gu.
_91237156
245 0 _aFunctional Analysis of OsATL53 in Lignin Biosynthesis and OsbZIP45 in Drought Tolerance in Rice
260 _c2022
300 _a111
650 _aBiology; Plants
700 _aUniversity of Delhi. Faculty of Inter- Disciplinary & Applied Science. Deptt. of Plant Moleculer Biology
942 _cDIS
999 _c1849520
_d1849520